00539nam a2200121Ia 4500008004100000100002400041245015600065245006900221260000900290300003600299440004300335650003900378171207s9999 xx 000 0 und d aBerninger, Virginia aRelationships of Attention and Executive Functions to Oral Language, Reading, and Writing Skills and Systems in Middle Childhood and Early Adolescence  cVirginia Berninger, Robert Abbott, Clayton R. Cook, William Nagy c2017 apages 434-449, July/August 2017 aJournal of Learning Disabilitiesv50:4 aEXECUTIVE FUNCTION, ACADEMIC SKILL